| 000 | 01049nmm a2200373 a 4500 | ||
|---|---|---|---|
| 003 | AR-BaBNM | ||
| 005 | 20251128204409.0 | ||
| 008 | 286020s1977 ||||||||||||||000 | spa|| | ||
| 020 | _a968-24-0000-3 | ||
| 040 | _cAR-BaBNM | ||
| 100 | 1 | _aBrown, James W. | |
| 245 | 1 | 0 |
_aInstrucción audiovisual _btecnología, medios y métodos |
| 250 | _a1ª ed. | ||
| 260 |
_aMéxico _bEditorial Trillas _c1977 |
||
| 300 | 0 | _a168 p. | |
| 650 | 4 | _aMEDIOS AUDIOVISUALES | |
| 650 | 4 | _aSELECCION DE MATERIAL DIDACTICO | |
| 650 | 4 | _aMETODOS DE ENSENANZA | |
| 650 | 4 | _aENSENANZA AUDIOVISUAL | |
| 650 | 4 | _aENSENANZA POR MULTIMEDIOS | |
| 650 | 4 | _aTELEVISION EDUCATIVA | |
| 650 | 4 | _aCOMUNICACION AUDIOVISUAL | |
| 650 | 4 | _aTECNICAS DE ENSENANZA | |
| 650 | 4 | _aRADIO EDUCATIVA | |
| 650 | 4 | _aMATERIAL AUDIOVISUAL | |
| 650 | 4 | _aMATERIAL IMPRESO | |
| 650 | 4 | _aJUEGOS EDUCATIVOS | |
| 650 | 4 | _aDRAMATIZACION | |
| 650 | 4 | _aTECNOLOGIA EDUCATIVA | |
| 700 | 1 | _aLewis, Richard B. | |
| 700 | 1 | _aHarcleroad, Fred F. | |
| 942 | _cBK | ||
| 998 | _cme-calidad | ||
| 999 |
_c7304 _d7304 |
||